000
00324nam a22001457a 4500
020
_a
0-330-39753-2
082
_a
823
_b
TOO/T
100
_a
TOCZEK, NICK
245
_a
TOOTHPASTE TROUBLE
260
_a
LONDON
_b
MAC MILLAN CHILDRENS BOOK
_c
2002
300
_a
84
520
_a
SHORT STORY
650
_a
SHORT STORY
942
_c
BK
999
_c
6529
_d
6529